00689nam a22001937a 450000500170000001000150001702000260003203500140005803700130007208200120008510000250009724501160012226000370023826000310027527000830030627000430038930000440043250000190047620170825151754.0 aENG-120134 c495.00a9788187374848 aEN-103666 bDBAD/PUB a630.681 aDas Gupta, Partha R. aCommercial agricuture by Indian smallholders :cby Partha R. Das Guptabfrom farm prospects to firm realities / aNew DelhibMaya Publishersc2017 aNew DelhibSamskritic2017 a4821, Parwana Bhawan (3rd Floor) 24 Ansari Road, Daryaganj,bNew Delhie110002 aC-9020, Vasant KunjbNew Delhie110070 axxviii,110p. : c22cm(pbk)bill. (col.) aIncludes index